000 00638na a2200217 4500
001 21785
003 MIRAKIL
005 20181213155048.0
008 170207b tu 000 0
040 _aMilas
_btur
_cTR-AnCHP
041 _atur
082 _a956.216
_bH29k [2002]
090 _a956.216 H29k [2002]
245 _aKonuşan Tarih Doruk'ta görülen yer Uşşak
_cDerleyen Alaaddin Hazıroğlu
260 _aİzmir
_b[yayl. y.]
_c[2002]
300 _axx, 479 s.
_bfotg.
_c25 sm.
650 _aKurtuluş Savaşı
_zUşak
650 _aKurtuluş Savaşı
_xTarih
_zTürkiye
700 _aHazıroğlu, Alaaddin
942 _2dcc
_cBKS
999 _c5810
_d5810